|
|
|
|
| LEADER |
00729nam a22002532a 4500 |
| 001 |
001366608 |
| 003 |
CZ BrMZK |
| 005 |
20140218103604.0 |
| 007 |
ta |
| 008 |
140213s1962 xo er|||||||||||slo d |
| 040 |
|
|
|a OLA001
|b cze
|d BOA001
|
| 041 |
1 |
|
|a slo
|h pol
|
| 100 |
1 |
|
|a Górnicki, Wiesław,
|d 1931-1996
|7 jn20000602194
|4 aut
|
| 245 |
1 |
0 |
|a Krajina dymiacich sopiek /
|c Wiesław Górnicki
|
| 250 |
|
|
|a 1. vyd.
|
| 260 |
|
|
|a Bratislava :
|b Osveta,
|c 1962
|
| 300 |
|
|
|a 316 s.
|
| 490 |
1 |
|
|a Svetom
|
| 500 |
|
|
|a Přeloženo z polštiny
|
| 830 |
|
0 |
|a Svetom (Osveta)
|
| 910 |
|
|
|a BOA001
|b 2-0483.821
|
| 990 |
|
|
|a BK
|
| 991 |
|
|
|b 201402
|
| 996 |
7 |
|
|b 2619060537
|c 2-0483.821
|l MZK
|r Sklad / do 24 hodin
|n 0
|w 001401411
|u 000010
|a 1
|e BOA001
|j MZK50
|s A
|